| 000 | 00665nam a2200241 a 4500 | ||
|---|---|---|---|
| 001 | BRCA_3727 | ||
| 005 | 20190320204411.0 | ||
| 008 | 140909c1922----mx-#---###---#000-0#spa-# | ||
| 041 | _aspa | ||
| 044 | _amx | ||
| 050 | 4 |
_aF1233.D5 _b.M46 1 _c1922 |
|
| 245 | 1 | 0 |
_aMemorias de Porfirio Díaz _b1830-1867. |
| 250 | _a2 | ||
| 260 |
_aMéxico _bEl Libro Francés _c1922 |
||
| 300 |
_a2 v. _c19 cm. |
||
| 500 | _aLa biblioteca solo cuenta con el v.1 | ||
| 500 | _aEjemplar igual a D152 | ||
| 500 | _aB350 | ||
| 600 | 1 | 4 |
_aDíaz, Porfirio _d1830-1915 _94775 |
| 651 | 4 |
_aMéxico _xHistoria _yIntervención francesa, 1861-1867 _99697 |
|
| 902 | _aGFM | ||
| 942 |
_2lcc _cB |
||
| 999 |
_c3456 _d3456 |
||